[Event "March Lviv Tradition IMA"]
[Site "Lviv UKR"]
[Date "2017.03.21"]
[Round "1.1"]
[White "Burnett, Andrew"]
[Black "Bogdanov, Egor"]
[Result "1/2-1/2"]
[WhiteTitle "FM"]
[WhiteElo "2162"]
[BlackElo "2348"]
[WhiteFideId "2400855"]
[BlackFideId "14119137"]
[EventDate "2017.03.21"]

1. d4 Nf6 2. c4 g6 3. Nc3 Bg7 4. e4 O-O 5. Be2 d6 6. Be3 c5 7. dxc5 Qa5 8. f3
dxc5 9. e5 Nfd7 10. f4 Nc6 11. Nf3 f6 12. exf6 Nxf6 13. O-O Bf5 14. Ne5 Rad8 15.
Nxc6 bxc6 16. Qa4 Qb6 17. Qa3 Ne4 18. g4 Qb4 19. Qxb4 cxb4 20. Na4 Be6 21. Rad1
a5 22. Bf3 Rxd1 23. Rxd1 Ng5 24. Bxc6 Nh3+ 25. Kh1 Bxc4 26. Bd5+ Bxd5+ 27. Rxd5
Nxf4 28. Rxa5 Nd3 29. Nc5 Nxb2 30. Bg5 Nc4 31. Rb5 Rf1+ 32. Kg2 Rb1 33. Nd3 h6
34. Bxe7 Rd1 35. Nf4 Rd2+ 36. Kf3 Rxa2 37. Bxb4 Ne5+ 38. Kg3 Rb2 39. Rb8+ Kh7
40. Bd6 1/2-1/2

[Event "March Lviv Tradition IMA"]
[Site "Lviv UKR"]
[Date "2017.03.21"]
[Round "1.3"]
[White "Sevostianov, Pavel"]
[Black "Khamidov, Komil"]
[Result "1/2-1/2"]
[WhiteTitle "IM"]
[WhiteElo "2248"]
[BlackElo "2135"]
[WhiteFideId "4156781"]
[BlackFideId "1108956"]
[EventDate "2017.03.21"]

1. d4 e6 2. c4 Nf6 3. Nc3 Bb4 4. Qc2 O-O 5. a3 Bxc3+ 6. Qxc3 b6 7. Bg5 Bb7 8. f3
h6 9. Bh4 d5 10. e3 Re8 11. Bd3 Nbd7 12. Ne2 e5 13. O-O c5 14. Rae1 Rc8 15. Bf5
cxd4 16. exd4 Rxc4 17. Qd2 Nc5 18. Bb1 Nb3 19. Qd3 Nc5 20. Qd1 Ncd7 21. Bf5 g5
22. Bf2 Rc7 23. Nc3 Ba6 24. Bd3 Bxd3 25. Qxd3 Rc6 26. Qf5 Rce6 27. Qh3 Qc8 28.
Nb5 1/2-1/2

[Event "March Lviv Tradition IMA"]
[Site "Lviv UKR"]
[Date "2017.03.21"]
[Round "1.4"]
[White "Bykovskiy, Oleg"]
[Black "Terletsky, Oleg"]
[Result "1/2-1/2"]
[WhiteTitle "FM"]
[BlackTitle "FM"]
[WhiteElo "2332"]
[BlackElo "2279"]
[WhiteFideId "14129825"]
[BlackFideId "14116774"]
[EventDate "2017.03.21"]

1. Nf3 Nf6 2. g3 g6 3. Bg2 Bg7 4. O-O O-O 5. c4 d6 6. d4 Nbd7 7. Nc3 e5 8. e3 c6
9. b3 Re8 10. Ba3 Qa5 11. Qc1 e4 12. Nd2 d5 13. b4 Qb6 14. Rb1 a6 15. Qc2 Nf8
16. b5 axb5 17. Bc5 Qd8 18. cxb5 Bf5 19. Rfc1 Ne6 20. bxc6 bxc6 21. Bb6 Qe7 22.
Na4 Qa3 23. Nc3 Nd7 24. Rb3 Qe7 25. Qd1 Ra6 26. Rcb1 Nxb6 27. Rxb6 Rxb6 28. Rxb6
Nxd4 29. exd4 Bxd4 30. Rxc6 e3 31. Nf1 exf2+ 32. Kh1 Bxc3 33. Rxc3 Qe1 34. Rd3
Qxd1 35. Rxd1 Re1 36. Rd4 Be4 37. Bxe4 dxe4 38. Kg2 e3 39. Nxe3 Rxe3 40. Kxf2
Ra3 41. Rd2 h5 42. Ke1 Kg7 43. Kd1 Kh6 44. Kc1 h4 45. Kb2 Ra8 46. gxh4 Rb8+ 47.
Kc1 Rb4 48. a3 Rxh4 49. Ra2 Ra4 50. Kc2 f5 51. Kb3 Ra8 52. a4 g5 53. a5 g4 54.
a6 Kg5 55. Kc4 f4 56. Kd3 g3 57. hxg3 fxg3 58. Kc4 Kg4 1/2-1/2

[Event "March Lviv Tradition IMA"]
[Site "Lviv UKR"]
[Date "2017.03.22"]
[Round "2.1"]
[White "Bogdanov, Egor"]
[Black "Bondarets, Vadim"]
[Result "1/2-1/2"]
[BlackTitle "IM"]
[WhiteElo "2348"]
[BlackElo "2266"]
[WhiteFideId "14119137"]
[BlackFideId "903540"]
[EventDate "2017.03.21"]

1. e4 d5 2. exd5 Nf6 3. c4 c6 4. d4 cxd5 5. Nc3 Nc6 6. Nf3 e6 7. c5 b6 8. Bb5
Bd7 9. Qa4 Rc8 10. Bg5 bxc5 11. Ne5 Qb6 12. Bxf6 gxf6 13. Nxd7 Kxd7 14. dxc5
Bxc5 15. O-O Ke7 16. Rae1 Ne5 17. Qh4 Bd4 18. Ne2 Bc5 19. Nf4 Bd4 20. Ba4 Bxb2
21. Bb3 Rhg8 22. Kh1 Qd4 23. Rd1 Qc5 24. Bxd5 exd5 25. Nxd5+ Kf8 26. Nxf6 Rg6
27. f4 Qc2 28. Nxh7+ Kg7 29. Ng5 Rh8 30. Qg3 Qc3 31. Qxc3 Bxc3 32. Ne4 Ng4 33.
h3 Ba5 34. f5 Rc6 35. Rd5 Bb6 36. Rd3 Nf6 37. Ng5 Rd8 38. Rg3 Kf8 39. h4 Rd4 40.
Rh3 Rcc4 41. g3 Ng4 42. h5 Rd2 43. h6 Nf2+ 44. Kg2 Nxh3+ 45. Kxh3 Rcc2 46. Rh1
Rd6 47. f6 Bd4 48. h7 Bxf6 49. Ne4 Kg7 50. Kg4 Rd8 51. Nxf6 Rh8 52. Rf1 Rxa2 53.
Nh5+ Kf8 54. Nf6 Ra6 55. Kg5 Kg7 56. Nh5+ Kxh7 57. Rxf7+ Kg8 58. Rc7 Ra5+ 59.
Kg6 Ra6+ 60. Nf6+ Rxf6+ 61. Kxf6 Rh6+ 62. Kg5 Ra6 63. g4 Rb6 64. Rxa7 Rc6 65.
Kh5 Rb6 66. Rc7 Ra6 67. g5 Rb6 68. Rc5 Kg7 69. Rd5 Ra6 70. g6 Ra1 71. Rd7+ Kg8 1/2-1/2

[Event "March Lviv Tradition IMA"]
[Site "Lviv UKR"]
[Date "2017.03.22"]
[Round "2.4"]
[White "Pugachov, Ilia"]
[Black "Sevostianov, Pavel"]
[Result "1/2-1/2"]
[BlackTitle "IM"]
[WhiteElo "2025"]
[BlackElo "2248"]
[WhiteFideId "14115689"]
[BlackFideId "4156781"]
[EventDate "2017.03.21"]

1. d4 Nf6 2. c4 e6 3. g3 Bb4+ 4. Bd2 Qe7 5. Bg2 Nc6 6. Nf3 Bxd2+ 7. Nbxd2 d6 8.
O-O a5 9. e4 e5 10. d5 Nb8 11. Ne1 O-O 12. Nd3 c5 13. Nb1 Nbd7 14. Nc3 Nb6 15.
b3 a4 16. Qe2 Ne8 17. f4 f6 18. fxe5 fxe5 19. Rxf8+ Qxf8 20. Rf1 Qe7 21. Nb5
axb3 22. axb3 Bd7 23. Qh5 Bxb5 24. cxb5 Nc7 25. Bh3 g6 26. Qh6 Rf8 27. Nf2 Qg7
28. Qd2 Ne8 29. Be6+ Kh8 30. Qa5 1/2-1/2

[Event "March Lviv Tradition IMA"]
[Site "Lviv UKR"]
[Date "2017.03.22"]
[Round "2.5"]
[White "Burnett, Andrew"]
[Black "Krzywda, Andrzej"]
[Result "1/2-1/2"]
[WhiteTitle "FM"]
[WhiteElo "2162"]
[BlackElo "2132"]
[WhiteFideId "2400855"]
[BlackFideId "1114565"]
[EventDate "2017.03.21"]

1. d4 Nf6 2. c4 e6 3. Nf3 d5 4. Bg5 Nbd7 5. e3 Be7 6. Nc3 O-O 7. Qc2 c6 8. a3
Re8 9. Be2 dxc4 10. Bxc4 Nd5 11. Bxe7 Qxe7 12. O-O Nxc3 13. Qxc3 e5 14. dxe5
Nxe5 15. Nxe5 Qxe5 16. Qxe5 Rxe5 17. Rfd1 Be6 18. Bxe6 Rxe6 19. Rd7 Rb8 20. Rad1
Kf8 21. Kf1 Re7 22. b4 Ke8 23. R7d6 Rc7 24. R6d4 Ra8 25. Rg4 f6 26. Rh4 h6 27.
Rhd4 a5 28. g4 axb4 29. axb4 Ke7 30. h4 b6 31. Re4+ Kf7 32. Rc1 Rac8 33. Ke2 c5
34. Rec4 Ke6 35. f4 g5 36. hxg5 hxg5 37. Rd1 gxf4 38. Re4+ Kf7 39. Rxf4 Rc6 40.
bxc5 bxc5 41. Rdf1 Rg8 42. Rc4 Rg5 43. Rf5 Kg6 44. Rxg5+ 1/2-1/2

[Event "March Lviv Tradition IMA"]
[Site "Lviv UKR"]
[Date "2017.03.23"]
[Round "4.1"]
[White "Bogdanov, Egor"]
[Black "Terletsky, Oleg"]
[Result "1/2-1/2"]
[BlackTitle "FM"]
[WhiteElo "2348"]
[BlackElo "2279"]
[WhiteFideId "14119137"]
[BlackFideId "14116774"]
[EventDate "2017.03.21"]

1. e4 e5 2. Nf3 Nc6 3. d4 exd4 4. Nxd4 Nf6 5. Nxc6 bxc6 6. Bd3 d5 7. exd5 cxd5
8. O-O Be7 9. Nc3 O-O 10. Bg5 c6 11. Re1 Rb8 12. Rb1 Be6 13. Ne2 c5 14. c3 Bd6
15. Qd2 h6 16. Bf4 Re8 17. Ng3 Qc7 18. Bxd6 Qxd6 19. Re2 Bg4 20. Rxe8+ Rxe8 21.
h3 Bd7 22. Re1 Rxe1+ 23. Qxe1 g6 24. Qe3 Kg7 25. Ne2 a5 26. Nf4 Bc6 27. Qg3 Qe5
28. Bxg6 fxg6 29. Qxg6+ Kf8 30. Qxh6+ Ke8 31. Nd3 Qe7 32. Qh8+ Kf7 33. Qc8 Bb5
34. Nxc5 Qe1+ 35. Kh2 Qxf2 36. Qb7+ Bd7 37. Nxd7 Ng4+ 38. hxg4 Qh4+ 1/2-1/2

[Event "March Lviv Tradition IMA"]
[Site "Lviv UKR"]
[Date "2017.03.23"]
[Round "5.1"]
[White "Sevostianov, Pavel"]
[Black "Bogdanov, Egor"]
[Result "1/2-1/2"]
[WhiteTitle "IM"]
[WhiteElo "2248"]
[BlackElo "2348"]
[WhiteFideId "4156781"]
[BlackFideId "14119137"]
[EventDate "2017.03.21"]

1. d4 Nf6 2. Nf3 g6 3. g3 Bg7 4. Bg2 O-O 5. O-O d5 6. c3 c6 7. Bf4 Bf5 8. Qc1
Qc8 9. Bh6 Bh3 10. Bxg7 Kxg7 11. Nbd2 Bxg2 12. Kxg2 Nbd7 13. Re1 Re8 14. e4 e5
15. dxe5 Nxe5 16. Nxe5 Rxe5 17. exd5 Rxd5 18. Nf3 Qd7 19. c4 Rd6 20. Rd1 Rxd1
21. Qxd1 Rd8 22. Qxd7 Rxd7 23. Re1 Kf8 24. Re2 Re7 25. Rd2 Rd7 26. Re2 Re7 27.
Rd2 Rd7 28. Re2 Re7 29. Rd2 Rd7 30. Re2 Re7 1/2-1/2

[Event "March Lviv Tradition IMA"]
[Site "Lviv UKR"]
[Date "2017.03.23"]
[Round "5.2"]
[White "Bykovskiy, Oleg"]
[Black "Krzywda, Andrzej"]
[Result "1-0"]
[WhiteTitle "FM"]
[WhiteElo "2332"]
[BlackElo "2132"]
[WhiteFideId "14129825"]
[BlackFideId "1114565"]
[EventDate "2017.03.21"]

1. e4 c5 2. c3 Nf6 3. e5 Nd5 4. d4 cxd4 5. Nf3 e6 6. cxd4 d6 7. Bc4 Nc6 8. O-O
Be7 9. Qe2 O-O 10. Nc3 Nxc3 11. bxc3 dxe5 12. dxe5 Qc7 13. Qe4 b6 14. Bd3 g6 15.
Bh6 Rd8 16. Bc2 Bb7 17. Qf4 Rd5 18. Rfe1 Rc8 19. Re3 b5 20. Rae1 b4 21. Ng5 Nd8
22. Rh3 f5 23. Nxh7 Qc6 24. Qg3 Kf7 25. Ng5+ Ke8 26. Nf3 Qxc3 27. Ba4+ Bc6 28.
Qxg6+ Kd7 29. Bb3 Rd3 30. Bd2 Qc5 31. Rh7 Rc7 32. Rc1 Rc3 33. Bxc3 bxc3 34. Qg5
Kc8 35. Qe3 Qxe3 36. fxe3 Be4 37. Nd4 f4 38. Rxe7 Rxe7 39. Rxc3+ Kb7 40. exf4
Rd7 41. Nb5 Bc6 42. Nd6+ Kb6 43. g4 Rh7 44. h3 Bd7 45. Ne4 Bc6 46. Ng5 Rd7 47.
Kf2 Rd2+ 48. Kg3 Bd7 49. f5 exf5 50. e6 fxg4 51. hxg4 Bb5 52. e7 Nb7 53. Re3 Nd6
54. Ne4 Nxe4+ 55. Rxe4 Be8 56. Kf4 Kc5 57. Ba4 Rf2+ 58. Ke3 Bxa4 59. Kxf2 1-0

[Event "March Lviv Tradition IMA"]
[Site "Lviv UKR"]
[Date "2017.03.23"]
[Round "5.4"]
[White "Bondarets, Vadim"]
[Black "Pugachov, Ilia"]
[Result "1/2-1/2"]
[WhiteTitle "IM"]
[WhiteElo "2266"]
[BlackElo "2025"]
[WhiteFideId "903540"]
[BlackFideId "14115689"]
[EventDate "2017.03.21"]

1. c4 Nf6 2. Nf3 e6 3. Nc3 d5 4. d4 c6 5. cxd5 exd5 6. Bg5 Nbd7 7. e3 Qa5 8. Nd2
Ne4 9. Ndxe4 dxe4 10. Bh4 Bb4 11. Qc2 O-O 12. Be2 c5 13. O-O Bxc3 14. bxc3 Re8
15. f3 cxd4 16. cxd4 Qh5 17. Bg3 Qg6 18. Rae1 Nf6 19. fxe4 Nxe4 20. Bd3 Bf5 21.
Be5 Rac8 22. Qb2 f6 23. Bf4 b6 24. Ba6 Rc3 25. Rc1 Rxc1 26. Rxc1 h6 27. Rc7 Ng5
28. Kh1 Nh3 29. Rc1 Nxf4 30. exf4 Qg4 31. Qd2 Be4 32. Kg1 Rd8 33. Bf1 Qd7 34.
Bc4+ Bd5 35. Bxd5+ Qxd5 36. Rd1 Rc8 37. h3 Rc4 38. Qd3 b5 39. Rd2 Ra4 40. a3 a6
41. Qg6 Rxa3 42. f5 Ra1+ 43. Kh2 Qe4 44. Rc2 Qxc2 45. Qe8+ Kh7 46. Qg6+ 1/2-1/2

[Event "March Lviv Tradition IMA"]
[Site "Lviv UKR"]
[Date "2017.03.24"]
[Round "6.1"]
[White "Bogdanov, Egor"]
[Black "Khamidov, Komil"]
[Result "1/2-1/2"]
[WhiteElo "2348"]
[BlackElo "2135"]
[WhiteFideId "14119137"]
[BlackFideId "1108956"]
[EventDate "2017.03.21"]

1. e4 e5 2. d4 d6 3. Nf3 exd4 4. Nxd4 g6 5. Nc3 Bg7 6. Bc4 Bd7 7. O-O Ne7 8. f4
Nbc6 9. Be3 O-O 10. Bb3 Na5 11. f5 Nxb3 12. axb3 Nc6 13. Nd5 Re8 14. f6 Bf8 15.
Qf3 Ne5 16. Qg3 Ng4 17. Rf4 Nxe3 18. Nxe3 Bh6 19. Raf1 Bxf4 20. Qxf4 Re5 21. Nf3
Qe8 22. Nxe5 dxe5 23. Qg5 Bc6 24. Nf5 Bxe4 25. Ne7+ Kh8 26. Re1 Bxc2 27. Re3 Qf8
28. Rh3 Rd8 29. Qh4 h5 30. Qg5 Kh7 31. Rc3 Be4 32. Qxe5 Rd1+ 33. Kf2 Bc6 34.
Nxc6 bxc6 35. Qe7 Rd2+ 36. Kf1 Rd1+ 37. Kf2 Rd2+ 38. Kf3 Qd8 39. Qxf7+ Kh6 40.
Qg7+ Kg5 41. Rc5+ Rd5 42. h4+ Kxh4 43. g3+ Kh3 44. Qe7 Rd3+ 45. Kf4 Qd4+ 46. Kg5
Rxg3+ 47. Kh6 Rf3 48. Qe6+ Qg4 49. Qxg4+ hxg4 50. Kxg6 g3 51. Rh5+ Kg4 52. Rg5+
Kh4 53. Rh5+ Kg4 54. Rg5+ 1/2-1/2

[Event "March Lviv Tradition IMA"]
[Site "Lviv UKR"]
[Date "2017.03.24"]
[Round "6.2"]
[White "Pugachov, Ilia"]
[Black "Terletsky, Oleg"]
[Result "0-1"]
[BlackTitle "FM"]
[WhiteElo "2025"]
[BlackElo "2279"]
[WhiteFideId "14115689"]
[BlackFideId "14116774"]
[EventDate "2017.03.21"]

1. d4 Nf6 2. c4 g6 3. Nc3 Bg7 4. e4 O-O 5. Be2 d6 6. Be3 Nc6 7. Nf3 Ng4 8. Bg5
h6 9. Bh4 g5 10. Bg3 e5 11. d5 Nd4 12. h4 f5 13. hxg5 hxg5 14. Nxd4 exd4 15. Nb5
f4 16. Bxg4 fxg3 17. Bxc8 gxf2+ 18. Kf1 Rxc8 19. Qh5 Qf6 20. Rh3 Qe5 21. Qh7+
Kf7 22. Rd1 Rh8 23. Rf3+ Ke7 24. Qg6 Rcf8 25. Rh3 Rxh3 26. gxh3 Qg3 27. Qe6+ Kd8
28. Qg4 Qxg4 29. hxg4 Rf4 30. Nxd4 Bxd4 31. Rxd4 Ke7 32. b4 Kf6 33. c5 Ke5 34.
Rd3 Kxe4 35. Ra3 Kxd5 36. cxd6 cxd6 37. Rxa7 Rxb4 38. Kxf2 Ke4 39. Kg3 d5 40.
Ra8 d4 41. Re8+ Kd5 42. Rg8 d3 43. Rxg5+ Ke4 44. Rf5 d2 45. Rf4+ Ke3 46. Rxb4
d1=Q 47. Rb3+ Ke4 48. Rxb7 Qd6+ 49. Kh4 Qd5 50. Rb3 Ke5 51. Kg5 Qd2+ 52. Kg6 Kf4
53. Rb6 Kxg4 54. Rf6 Qxa2 55. Rd6 Qf2 56. Rf6 Qc5 57. Kg7 Qe7+ 58. Kg6 Qe4+ 59.
Kf7 Kg5 60. Rd6 Qe5 61. Rd7 Kf5 62. Re7 Qd5+ 63. Kg7 Kg5 64. Rf7 Qd4+ 65. Kh7
Qe5 66. Rg7+ Kf6 67. Kh8 Qh2+ 68. Kg8 Qh5 69. Rg1 Qe8+ 70. Kh7 Qd7+ 71. Kh8 Qc8+
72. Kh7 Qc7+ 73. Kg8 Qb8+ 74. Kh7 Qh2+ 0-1

[Event "March Lviv Tradition IMA"]
[Site "Lviv UKR"]
[Date "2017.03.24"]
[Round "6.3"]
[White "Burnett, Andrew"]
[Black "Bondarets, Vadim"]
[Result "1/2-1/2"]
[WhiteTitle "FM"]
[BlackTitle "IM"]
[WhiteElo "2162"]
[BlackElo "2266"]
[WhiteFideId "2400855"]
[BlackFideId "903540"]
[EventDate "2017.03.21"]

1. d4 d6 2. c4 Nd7 3. Nc3 e5 4. Nf3 Ngf6 5. e4 c6 6. g3 Be7 7. Bg2 O-O 8. O-O a6
9. a4 a5 10. h3 Re8 11. Qc2 Qc7 12. Be3 Nf8 13. Rad1 Ne6 14. c5 exd4 15. cxd6
Bxd6 16. Nxd4 Nxd4 17. Bxd4 Be5 18. Be3 Qe7 19. Ne2 Qb4 20. Rd2 Be6 21. Nd4 Rad8
22. Nxe6 fxe6 23. Rfd1 Rxd2 24. Rxd2 Qe7 25. Bc5 Qf7 26. Qd3 Bc7 27. Qf3 Rd8 28.
Rxd8+ Bxd8 29. Bf1 Nd7 30. Qe3 Nxc5 31. Qxc5 Qe7 32. Qh5 Bb6 33. Bc4 g6 34. Qe5
Kf7 35. Kg2 Qf6 36. Qxf6+ Kxf6 37. f4 e5 38. Kf3 Bc7 39. Bg8 h6 40. h4 Bd6 41.
Bc4 Bc7 42. Bd3 Bd6 43. b3 Bc7 44. f5 Bd6 45. g4 Bb4 46. Bc4 Be1 47. fxg6 Kxg6
48. h5+ 1/2-1/2

[Event "March Lviv Tradition IMA"]
[Site "Lviv UKR"]
[Date "2017.03.24"]
[Round "6.5"]
[White "Sevostianov, Pavel"]
[Black "Bykovskiy, Oleg"]
[Result "1/2-1/2"]
[WhiteTitle "IM"]
[BlackTitle "FM"]
[WhiteElo "2248"]
[BlackElo "2332"]
[WhiteFideId "4156781"]
[BlackFideId "14129825"]
[EventDate "2017.03.21"]

1. Nf3 Nf6 2. g3 g6 3. b3 Bg7 4. Bb2 O-O 5. Bg2 d6 6. d4 c6 7. Nbd2 Nbd7 8. O-O
Qc7 9. e4 b5 10. Re1 e5 11. a4 Bb7 12. Ra2 Rfe8 13. Qa1 a6 14. dxe5 dxe5 15. Bf1
Rad8 16. Bc3 Qb8 17. Ba5 Rc8 18. Bh3 c5 19. axb5 axb5 20. Bc3 Qc7 21. Bf1 Qb6
22. Ra5 b4 23. Bb2 Ra8 24. Rxa8 Rxa8 25. Qd1 Qc7 26. Bd3 Ne8 27. Nc4 f6 28. Nh4
Rd8 29. Qg4 Nf8 30. Ra1 Nd6 31. Qe2 Kh8 32. Nf3 Ne6 33. Ra7 Nc8 34. Ra1 Nd4 35.
Nxd4 exd4 36. Re1 Re8 37. Bc1 Qd8 38. Bf4 f5 39. f3 g5 40. Bd2 g4 41. Qf2 Rf8
42. Bf4 fxe4 43. fxe4 Nb6 44. Nd6 Bc8 45. Nxc8 Qxc8 46. Qg2 c4 47. bxc4 Nxc4 48.
e5 Nb2 49. e6 Nxd3 50. cxd3 Re8 51. Qd5 Qc3 52. Rd1 Qc8 53. Be5 Qxe6 54. Bxg7+
Kxg7 55. Qxd4+ Kg8 56. Rb1 b3 57. Qc5 h6 58. Qc4 Qxc4 59. dxc4 Re3 60. Kf2 Rc3
61. Ke2 Kf7 62. Kd2 Rf3 63. Re1 b2 64. c5 Rf2+ 65. Kc3 Rxh2 66. c6 Re2 67. Rd1
Re6 68. c7 Rc6+ 69. Kxb2 Rxc7 70. Rd6 Kg7 71. Re6 Rf7 72. Re2 Rf3 73. Rg2 Kg6
74. Kc2 Kg5 75. Kd2 Ra3 76. Rg1 h5 77. Ke2 Kf5 78. Kf2 Ra2+ 79. Ke3 Kg5 80. Rb1
Ra5 81. Kf2 Rd5 82. Rb2 Kf5 83. Re2 Rc5 84. Kg2 Rc3 85. Kh2 h4 86. gxh4 Rh3+ 87.
Kg2 Rxh4 88. Ra2 Rh6 89. Ra5+ Kf4 90. Ra4+ Kg5 91. Ra1 Rb6 92. Ra2 Rb3 93. Rc2 1/2-1/2

[Event "March Lviv Tradition IMA"]
[Site "Lviv UKR"]
[Date "2017.03.24"]
[Round "7.1"]
[White "Bykovskiy, Oleg"]
[Black "Bogdanov, Egor"]
[Result "1-0"]
[WhiteTitle "FM"]
[WhiteElo "2332"]
[BlackElo "2348"]
[WhiteFideId "14129825"]
[BlackFideId "14119137"]
[EventDate "2017.03.21"]

1. e4 c5 2. b3 Nc6 3. Bb2 d6 4. Nf3 Nf6 5. Nc3 g6 6. Bb5 Bg7 7. Nd5 O-O 8. Nxf6+
Bxf6 9. Bxf6 exf6 10. Bxc6 bxc6 11. O-O Bg4 12. h3 Bxf3 13. Qxf3 Kg7 14. c4 a5
15. Rad1 a4 16. d4 axb3 17. axb3 cxd4 18. Rxd4 Qe7 19. Rfd1 Rfd8 20. Qd3 Rab8
21. Rxd6 Rxd6 22. Qxd6 Qxd6 23. Rxd6 Rxb3 24. Rxc6 Rc3 25. Rc8 h5 26. h4 Rc1+
27. Kh2 Rc3 28. f3 Rc2 29. c5 Kh7 30. c6 Kg7 31. c7 Kh7 32. Kg3 Kg7 33. Kf4 Rc3
34. g4 Kh7 35. gxh5 gxh5 36. Kg3 Kg7 37. Kf2 Kh7 38. Ke2 Kg7 39. Kd2 Rc6 40. f4
Kh7 41. f5 Kg7 42. Kd3 Rc1 43. Kd4 Kh7 44. Kd5 Kg7 45. Kd6 Rd1+ 46. Ke7 Rc1 47.
e5 fxe5 48. f6+ Kh7 49. Kd6 Kg6 50. Kxe5 Re1+ 51. Kf4 Rf1+ 52. Kg3 Rg1+ 53. Kf2
Rc1 54. Rg8+ Kxf6 55. c8=Q Ke7 1-0

[Event "March Lviv Tradition IMA"]
[Site "Lviv UKR"]
[Date "2017.03.24"]
[Round "7.5"]
[White "Khamidov, Komil"]
[Black "Pugachov, Ilia"]
[Result "1/2-1/2"]
[WhiteElo "2135"]
[BlackElo "2025"]
[WhiteFideId "1108956"]
[BlackFideId "14115689"]
[EventDate "2017.03.21"]

1. e4 Nf6 2. Nc3 d5 3. e5 d4 4. exf6 dxc3 5. bxc3 exf6 6. Be2 Bd6 7. Bf3 O-O 8.
Ne2 Nd7 9. d4 Nb6 10. O-O Rb8 11. Ng3 Be6 12. Be4 Re8 13. f4 Bd5 14. Bxd5 Nxd5
15. Qd3 b5 16. Bd2 c5 17. Nf5 Qd7 18. Rae1 Ne7 19. Nxd6 Qxd6 20. Re4 Nd5 21.
Rxe8+ Rxe8 22. Qxb5 Rb8 23. dxc5 Qc7 24. Re1 g6 25. Qc4 Rd8 26. Re4 Ne7 27. Be3
Rd1+ 28. Kf2 Nf5 29. Bd4 Qc6 30. Qe2 Rh1 31. h3 h5 32. Re8+ Kg7 33. Qe4 Qa6 34.
Qd3 Qc6 35. Qe4 Qa6 36. Qd3 1/2-1/2

[Event "March Lviv Tradition IMA"]
[Site "Lviv UKR"]
[Date "2017.03.25"]
[Round "8.4"]
[White "Sevostianov, Pavel"]
[Black "Bondarets, Vadim"]
[Result "1/2-1/2"]
[WhiteTitle "IM"]
[BlackTitle "IM"]
[WhiteElo "2248"]
[BlackElo "2266"]
[WhiteFideId "4156781"]
[BlackFideId "903540"]
[EventDate "2017.03.21"]

1. d4 Nf6 2. Nf3 d6 3. c4 Nbd7 4. Nc3 e5 5. g3 c6 6. e4 Be7 7. Bg2 O-O 8. O-O
Re8 9. Re1 a6 10. b3 Qc7 11. Bb2 b5 12. cxb5 axb5 13. Rc1 Qb6 14. Rc2 Bb7 15.
Bc1 Bf8 16. h3 Qa5 17. dxe5 dxe5 18. Bd2 Qb6 19. Be3 Qa5 20. Bd2 Qb6 21. Be3 Qa5
22. Bd2 1/2-1/2

[Event "March Lviv Tradition IMA"]
[Site "Lviv UKR"]
[Date "2017.03.26"]
[Round "9.3"]
[White "Terletsky, Oleg"]
[Black "Sevostianov, Pavel"]
[Result "1/2-1/2"]
[WhiteTitle "FM"]
[BlackTitle "IM"]
[WhiteElo "2279"]
[BlackElo "2248"]
[WhiteFideId "14116774"]
[BlackFideId "4156781"]
[EventDate "2017.03.21"]

1. e4 d6 2. d4 Nf6 3. Nc3 e5 4. dxe5 dxe5 5. Qxd8+ Kxd8 6. Bg5 Be6 7. O-O-O+ Nd7
8. Bb5 c6 9. Ba4 Kc7 10. Bb3 Bxb3 11. axb3 Bc5 12. f3 h6 13. Bxf6 Nxf6 14. Nge2
b5 15. Rd3 Rhd8 16. Rhd1 Rxd3 17. Rxd3 Re8 18. Nd1 g6 19. c3 h5 20. b4 Bb6 21.
Kc2 a5 22. bxa5 Bxa5 23. Nf2 Bb6 24. Nh3 Nh7 25. Ng3 Ra8 26. Kb1 Re8 27. Kc2 Ra8
28. Kb1 Re8 29. Kc2 Ra8 30. Kb1 Re8 1/2-1/2

[Event "March Lviv Tradition IMA"]
[Site "Lviv UKR"]
[Date "2017.03.26"]
[Round "9.4"]
[White "Khamidov, Komil"]
[Black "Krzywda, Andrzej"]
[Result "1/2-1/2"]
[WhiteElo "2135"]
[BlackElo "2132"]
[WhiteFideId "1108956"]
[BlackFideId "1114565"]
[EventDate "2017.03.21"]

1. g3 Nf6 2. Bg2 g6 3. b3 Bg7 4. Bb2 O-O 5. d4 d5 6. Nf3 b6 7. c4 c6 8. O-O Bb7
9. cxd5 cxd5 10. Ne5 Nbd7 11. Nxd7 Qxd7 12. Nd2 Rac8 13. Rc1 Rxc1 14. Qxc1 e6
15. e3 Qc8 16. Qxc8 Rxc8 17. Rc1 Rxc1+ 18. Bxc1 Kf8 19. Nf3 Nd7 20. Ba3+ Ke8 21.
Bd6 h6 22. Ne5 Bf6 23. Nxd7 Kxd7 24. Bf8 h5 25. Kf1 Ba6+ 26. Ke1 Kc6 27. Kd2 Bd8
28. Bf3 Bc7 29. Be2 Bxe2 30. Kxe2 Bd6 31. Bxd6 Kxd6 32. h4 1/2-1/2